US Catholic Dioceses Map Quiz - Southeast - Statistics

General Stats
  • This quiz has been taken 133 times
  • The average score is 23 of 29
Answers on the Map
Answers color-coded by a green-red scale on the quiz's map according to % correct below.
 
Answer Stats
Diocese % Correct
Archdiocese of Miami
100%
Archdiocese of Atlanta
99%
Diocese of Jackson
98%
Diocese of Memphis
97%
Diocese of Nashville
97%
Diocese of Orlando
97%
Archdiocese of Baltimore
95%
Archdiocese of Washington
95%
Diocese of Charleston
95%
Diocese of Richmond
95%
Diocese of Wheeling-Charleston
95%
Archdiocese of Louisville
93%
Diocese of Raleigh
93%
Diocese of Birmingham
92%
Diocese of Pensacola-Tallahassee
91%
Archdiocese of Mobile
90%
Diocese of Charlotte
90%
Diocese of Savannah
90%
Diocese of Knoxville
78%
Diocese of St. Petersburg
78%
Diocese of Lexington
77%
Diocese of Arlington
60%
Diocese of Biloxi
59%
Diocese of Wilmington
59%
Diocese of St. Augustine
57%
Diocese of Palm Beach
51%
Diocese of Covington
38%
Diocese of Venice
34%
Diocese of Owensboro
33%
No matching quizzes found
Score Distribution
Percent of People with Each Score
Percentile by Number Answered
Your Score History
You have not taken this quiz